000 00441nam a2200169 i 4500
001 81775
003 ES-MaACL
005 20230906174517.0
007 t|
008 041108s1969 sp ||||1| spa d
100 1 _aHumblet, Francoise.
_964714
245 1 3 _aEl arte de ser madre /
_cFrancoise Humblet.
260 _aBilbao :
_bMensajero,
_c[1969]
300 _a165 p. ;
_c20 cm.
650 4 _aMadres.
_9171440
852 _aES-MaACL
_jC-50885
999 _c81775
_d81775